Příprava metodiky certifikace valivých ložisek (obor 324) záverečná práca postgraduálneho štúdia

Uložené v:
Podrobná bibliografia
Hlavný autor: Velešíková, Eva
Korporativný autor: Vysoká škola ekonomická v Bratislave
Ďalší autori: Čestnější, Alexandr
Médium: Kniha
Jazyk:Czech
Vydavateľské údaje: Bratislava 1989
Tagy: Pridať tag
Žiadne tagy, Buďte prvý, kto otaguje tento záznam!

MARC

LEADER 00000nam a2200000 4500
001 c028137
005 20221215071330.6
041 0 |a cze 
044 |a SK 
245 1 0 |a Příprava metodiky certifikace valivých ložisek (obor 324)  |b záverečná práca postgraduálneho štúdia  |c Eva Velešíková ; Ved. práce Alexandr Čestnější 
264 1 |a Bratislava  |c 1989 
300 |a 55 s. 
100 1 |a Velešíková, Eva 
700 1 |a Čestnější, Alexandr 
710 2 |a Vysoká škola ekonomická v Bratislave